Camins i fonts del parc natural de Sant Llorenç del Munt i l'Obac / text: Edmond Grau Edmond Grau
ISBN:
84-7794-995-6
Descripción Física:
165 p. : il. col., amb map. ; 23 cm
Colección:
Guies de descoberta (nova col·leció) ; 1
MARC
| LEADER | 00000nam a2200000Ia 4500 | ||
|---|---|---|---|
| 001 | 16960 | ||
| 008 | 160829s2005 xx 000 0 cat d | ||
| 020 | |a 84-7794-995-6 | ||
| 080 | |a C-1-22 | ||
| 100 | |a Grau, Edmond |9 37147 | ||
| 245 | |a Camins i fonts del parc natural de Sant Llorenç del Munt i l'Obac / text: |b Edmond Grau | ||
| 250 | |a 3a ed., corr. i amp. | ||
| 260 | |a Barcelona : |b , Institut d'Edicions, |c 2005 | ||
| 300 | |a 165 p. : |b il. col., amb map. ; |c 23 cm | ||
| 490 | |a Guies de descoberta (nova col·leció) ; 1 | ||
| 610 | 1 | 0 | |a Parc Natural de Sant Llorenç del Munt i l'Obac (Catalunya) |v Guies |9 52718 |
| 710 | |a Barcelona (Catalunya : Província). |b Institut d'Edicions |9 53854 | ||
| 901 | |a Arxiu | ||
| 942 | |n 1 | ||
| 952 | |0 0 |1 0 |4 0 |6 C122 |7 1 |9 48229 |a Arxiu |b Arxiu |d 2016-12-01 |l 0 |o C-1-22 |p 16960 |r 2016-12-01 00:00:00 |w 2016-12-01 |y ARXIU | ||
| 999 | |c 52035 |d 52035 | ||